Comentarios y reparos a la Ley para Proteccin̤ de las Familias, la Maternidad y la Paternidad

Detalles Bibliográficos
Autor principal: Varela Cc̀eres, Edison Lucio
Formato: eBook
Lenguaje:español
Publicado: Caracas: Revista Venezolana de Legislacin̤ y Jurisprudencia, 2021
Materias:
Acceso en línea:Acceso restringido

MARC

LEADER 00000nam a22000007a 4500
005 20211109213847.0
007 cr|||| ||||
008 211109s2021 ve |||||s|||| 00||0 spa d
020 |a 978-980-7561-14-3 
035 |a 35308 
040 |a vLex 
090 |c 12640  |d 12640 
100 1 |a Varela Cc̀eres, Edison Lucio 
245 1 0 |a Comentarios y reparos a la Ley para Proteccin̤ de las Familias, la Maternidad y la Paternidad  |h [Recurso electrn̤ico] /  |c Edison Lucio Varela Cc̀eres 
256 |a Servicio en ln̕ea 
260 |a Caracas:  |b Revista Venezolana de Legislacin̤ y Jurisprudencia,  |c 2021 
300 |a 1 recurso electrn̤ico 
506 1 |a Disponible solo en los productos indicados  |d vLex Global  |d vLex Global (Academic Edition, excluding Law Schools)  |d vLex Global (U.S. Academic Edition, Law Schools)  |d vLex Global (U.S. Academic Edition, excluding Law Schools)  |d vLex Global (Academic Edition, Law Schools) 
650 0 4 |a Familia y Sucesiones  |z Venezuela 
740 0 |a vLex Libros (Servicio en ln̕ea) 
856 4 0 |u https://app.vlex.com/#/sources/35308  |z Acceso restringido 
942 |c BOOK 
999 0 |a Family and Successions